000 00327pab a2200133 454500
008 180718b2006 xxu||||| |||| 00| 0 eng d
100 _aFalk, Richard
245 _aInternational law and the future
260 _c2006
300 _ap.727-37.
650 _aInternational law
773 _aThird World Quarterly
909 _a72910
999 _c72910
_d72910